Aprender jugando: preparación para la lectura y escrítura

שמור ב:
מידע ביבליוגרפי
Main Authors: Errázuriz, Pilar (Author), Martin, Lilia (Author)
פורמט: ספר
שפה:ספרדית
יצא לאור: Madrid Cincel 1984
סדרה:Temas de Educación Preescolar, 10
נושאים:
תגים: הוספת תג
אין תגיות, היה/י הראשונ/ה לתייג את הרשומה!

MARC

LEADER 00000nam a2200000 a 4500
001 UCL0847
003 CL-VaPUC
008 030825e19840000SP |||||||||||||||||spa|d
020 |a 8470463365 
082 0 4 |a 372.21  |b ERR  |2 21 
100 0 |a Errázuriz, Pilar  |e author  |9 477567 
700 0 |a Martin, Lilia  |e author  |9 477568 
245 1 0 |a Aprender jugando: preparación para la lectura y escrítura 
300 |a 115 p 
942 |c BK 
945 |d 20030825 00:00:00  |a cmena 
260 |a Madrid  |b Cincel  |c 1984 
650 0 |a Educación preescolar  |9 260381 
650 0 |a Jardines infantiles  |9 307427 
583 |a last modification  |c 20030825 00:00:00  |k Rodrigo Vera 
490 0 |a Temas de Educación Preescolar, 10 
999 |c 304574  |d 304572 
952 |0 0  |1 0  |4 0  |6 372_210000000000000_ERR_1984  |7 0  |8 A  |9 367014  |a BIBEDU  |b BIBEDU  |c ES_NOD  |d 2019-11-21  |i 3932354  |o 372.21 ERR 1984  |p 3932354  |r 2023-08-09  |w 2019-11-21  |y BK  |k EPE 
952 |0 0  |1 0  |4 0  |6 372_210000000000000_ERR_1984  |7 0  |8 A  |9 367015  |a BIBEDU  |b BIBEDU  |c ES_NOD  |d 2019-11-21  |i 4031105  |o 372.21 ERR 1984  |p 4031105  |r 2023-08-09  |w 2019-11-21  |y BK  |k PAR